Normal view
MARC view
- الفقه - فقه حنفي
Entry Topical Term
001 - CONTROL NUMBER
- control field: 57832
003 - CONTROL NUMBER IDENTIFIER
- control field: JO-AjAnu
005 - DATE AND TIME OF LATEST TRANSACTION
- control field: 20230606083452.0
008 - FIXED-LENGTH DATA ELEMENTS
- fixed length control field: 230606|| aca||aabn | a|a d
040 ## - CATALOGING SOURCE
- Original cataloging agency: JO-AjAnu
- Transcribing agency: JO-AjAnu
150 ## - HEADING--TOPICAL TERM
- Topical term or geographic name entry element: الفقه - فقه حنفي
670 ## - SOURCE DATA FOUND
- Source citation: Work cat.: (JO-AjAnu)29507: اعداد البنوي، حسام حامد علي ؛ اشراف يوسف علي غيضان, author 57831, كتاب البناية في شرح الهداية للامام بدر الدين العيني (من اول كتاب الولاء الى فصل غصب ما لا يتقوم)(دراسة وتحقيق)=Book of Building up in the Explanation of Guidance Imam Bader Addeen Al-Aini Form The Book of Loyaalty to the section of grabbing what is not valueless(syudy and Investigation)